000 00820nac a22002417a 4500
001 BR8302358
003 BR-BrBNA
005 20240105115721.0
008 230509b bl.|||m| |||| 00| 0 por d
040 _aBR-BrBNA
_bpor
_cBiblioteca Nacional de Agricultura
072 _aF30; F00
090 _a0180 BR8302358
110 1 _aOrganizacao das Cooperativas do Estado do Parana, Cascavel (Brasil)
_97725
245 1 _aPrograma trigo/triticale - 1983 - Projetos em desenvolvimento [Parana, Brasil]
260 3 _aCascavel, PR (Brasil):
_c1983.
300 _a21 p.
490 _aInformativo da Pesquisa - Organizacao das Cooperativas do Estado do Parana (Brazil)
_vno. 1
_x
650 _aTRIGO
650 _aTRITICALE
650 _aLINHAGEM
909 _a202312
_bLúcia Elande
_c55
_dLúcia Elande
942 _2AGRIS
_n0
_cMS
999 _c276054
_d276054